A. WESLEY POWELL LEARNING RESOURCE CENTRE (WPLRC)

Wonderful Place to Learn, Research & Collaborate

Central Planning Unit to Planning Institute of Jamaica, 1955-2005 : (Record no. 16765)

MARC details
000 -LEADER
fixed length control field 01215cam a2200301 a 4500
001 - ACCESSION NUMBER
control field 37687
003 - CONTROL NUMBER IDENTIFIER
control field OSt
005 - DATE AND TIME OF LATEST TRANSACTION
control field 20210708145646.0
008 - FIXED-LENGTH DATA ELEMENTS--GENERAL INFORMATION
fixed length control field 081103s2006 jm a b f000 0 eng
020 ## - INTERNATIONAL STANDARD BOOK NUMBER
International Standard Book Number 9768103183 (paper)
020 ## - INTERNATIONAL STANDARD BOOK NUMBER
International Standard Book Number 9768103175 (cloth)
040 ## - CATALOGING SOURCE
Original cataloging agency DLC
Transcribing agency DLC
Modifying agency DLC
043 ## - GEOGRAPHIC AREA CODE
Geographic area code nwjm---
050 00 - LIBRARY OF CONGRESS CALL NUMBER
Classification number HC154.P58
Item number R35 2006
082 00 - DEWEY DECIMAL CLASSIFICATION NUMBER
Classification number 338.97292
Edition number 22
100 1# - MAIN ENTRY--PERSONAL NAME
Personal name Rainford, Roderick G.
245 10 - TITLE STATEMENT
Title Central Planning Unit to Planning Institute of Jamaica, 1955-2005 :
Remainder of title anchoring 50 years of development planning in Jamaica /
Statement of responsibility, etc. Roderick Rainford.
260 ## - PUBLICATION, DISTRIBUTION, ETC. (IMPRINT)
Place of publication, distribution, etc. Kingston :
Name of publisher, distributor, etc. Planning Institute of Jamaica,
Date of publication, distribution, etc. 2006.
300 ## - PHYSICAL DESCRIPTION
Extent xiv, 209 p. :
Other physical details ill. ;
Dimensions 23 cm.
500 ## - GENERAL NOTE
General note Errata sheet inserted.
504 ## - BIBLIOGRAPHY, ETC. NOTE
Bibliography, etc Includes bibliographical references.
610 20 - SUBJECT ADDED ENTRY--CORPORATE NAME
Corporate name or jurisdiction name as entry element Planning Institute of Jamaica
General subdivision History.
650 #0 - SUBJECT ADDED ENTRY--TOPICAL TERM
Topical term or geographic name as entry element Economic development
General subdivision Government policy
Geographic subdivision Jamaica
General subdivision History.
651 #0 - SUBJECT ADDED ENTRY--GEOGRAPHIC NAME
Geographic name Jamaica
General subdivision Economic policy.
710 2# - ADDED ENTRY--CORPORATE NAME
Corporate name or jurisdiction name as entry element Planning Institute of Jamaica.
906 ## - LOCAL DATA ELEMENT F, LDF (RLIN)
a 7
b cbc
c origres
d 2
e ncip
f 20
g y-gencatlg
942 ## - ADDED ENTRY ELEMENTS (KOHA)
Source of classification or shelving scheme Dewey Decimal Classification
Koha item type Circ Books
Holdings
Withdrawn status Lost status Source of classification or shelving scheme Damaged status Not for loan Home library Current library Date acquired Total Checkouts Full call number Barcode Date last seen Price effective from Koha item type
    Dewey Decimal Classification     Wesley Powell Learning Resource Centre Wesley Powell Learning Resource Centre 07/08/2021   338.97292 37687 07/08/2021 07/08/2021 Circ Books
    Dewey Decimal Classification     Wesley Powell Learning Resource Centre Wesley Powell Learning Resource Centre 07/08/2021   338.97292 37688 07/08/2021 07/08/2021 Circ Books
    Dewey Decimal Classification     Wesley Powell Learning Resource Centre Wesley Powell Learning Resource Centre 07/08/2021   338.97292 37689 07/08/2021 07/08/2021 Circ Books